000 00758nab a2200241 u 4500
001 18989
003 HDC
007 cr bn ---aaaaa
008 210228c |r|noo 0 a d
040 _aHDC
245 0 _aBPOM SITA 144 BUNGKUS MI BIKINI
260 _a[No place] :
_b[publisher not identified],
_c2016
336 _atext
_2rdacontent
337 _acomputer
_2rdamedia
338 _aonline resource
_2rdacarrier
650 _aFood
_91783
650 _aHalal certificate
_9482
710 _aBERITA ONLINE
856 _zRequest full-text at [email protected]
942 _2lcc
942 _cNEWS
942 _kNWSO 009672
999 _c16305
_d16305